Северная Америка: Страны, столицы, валюты, языки и т.д. - Statistics

General Stats
  • This quiz has been taken 12 times
  • The average score is 108 of 147
Answer Stats
Страны Северной Америки % Correct
Антигуа и Барбуда
100%
восточно-карибский доллар
100%
Багамские острова
100%
багамский доллар
100%
Барбадос
100%
барбадосский доллар
100%
Белиз
100%
белизский доллар
100%
Гаити
100%
Доминика
100%
Доминиканская Республика
100%
Канада
100%
канадский доллар
100%
Куба
100%
Мексика
100%
Никарагуа
100%
Панама
100%
доллар США
100%
Сальвадор
100%
Соединённые Штаты Америки
100%
доллар Тринидада и Тобаго
100%
ямайский доллар
100%
английский
83%
католическое христианство
83%
испанский
83%
Гондурас
83%
доминиканское песо
83%
Оттава
83%
кубинское песо
83%
Мехико
83%
мексиканское песо
83%
Ямайка
83%
0,058
83%
0,073
83%
0,104
83%
0,111
83%
0,115
83%
0,193
83%
0,293
83%
0,428
83%
0,452
83%
10,762
83%
11,432
83%
11,653
83%
12,341
83%
1,439
83%
3,025
83%
4,738
83%
5,437
83%
6,588
83%
7,079
83%
протестантское христианство
67%
Бриджтаун
67%
Порт-о-Пренс
67%
французский
67%
Гватемала
67%
Коста-Рика
67%
Гавана
67%
Сент-Винсент и Гренадины
67%
Сент-Китс и Невис
67%
Сент-Люсия
67%
Вашингтон
67%
Тринидад и Тобаго
67%
Кингстон
67%
20,177
67%
Нассау
50%
Бельмопан
50%
Тегусигальпа
50%
Гренада
50%
Санто-Доминго
50%
Сан-Хосе
50%
Манагуа
50%
Сан-Сальвадор
50%
Порт-оф-Спейн
50%
40,074
50%
Сент-Джонс
33%
гаитянский креольский
33%
Сент-Джорджес
33%
Торонто
33%
биткоин
33%
Кингстаун
33%
Кастри
33%
Нью-Йорк
33%
ямайский креольский
33%
Белиз-Сити
17%
гурд
17%
кетцаль
17%
лемпира
17%
Розо
17%
колон
17%
кордоба
17%
бальбоа
17%
Бастер
17%
Чагуанас
17%
139,619
17%
345,872
17%
No matching quizzes found
Score Distribution
Percent of People with Each Score
Percentile by Number Answered
Your Score History
You have not taken this quiz